000 00719nam a2200265 i 4500
001 C2-0106646
003 PPAK
005 20180727102059.0
008 970612s1996 my a|||| ||||| | may d
020 _a9676105503
040 _aPPAK
_beng
_cPPAK
_erda
082 0 4 _a899.233
_223
090 0 0 _a899.233
_bWAH
_dK
100 0 _aWahba,
_eauthor
245 1 0 _aPuteri
264 1 _aKuala Lumpur :
_bUtusan ,
_c1996
300 _a110 pages :
_bcolour illustrations ;
_c22 cm
336 _2rdacontent
_atext
337 _2rdamedia
_aunmediated
338 _2rdacarrier
_avolume
490 1 _aSiri klasik remaja utusan
650 1 0 _aChildren's stories, Malay
830 0 _aSiri klasik remaja utusan
942 _ddc
_cB
999 _c26174
_d26174